The theory and philosophy of organizations : critical issues and new perspectives
Αποθηκεύτηκε σε:
| Άλλοι συγγραφείς: | , |
|---|---|
| Μορφή: | Βιβλίο |
| Γλώσσα: | English |
| Δημοσίευση: |
London :
Routledge,
1990
|
| Σειρά: | Social analysis
|
| Θέματα: | |
| Ετικέτες: |
Προσθήκη ετικέτας
Δεν υπάρχουν, Καταχωρήστε ετικέτα πρώτοι!
|
MARC
| LEADER | 00000nam a2200000 i 4500 | ||
|---|---|---|---|
| 001 | 1/57176 | ||
| 008 | 980512s1990 eng d | ||
| 020 | |a 0415063132 | ||
| 035 | |l 10028147 | ||
| 040 | |a GR-MY-UA |b gre |e aacr | ||
| 041 | 0 | |a eng | |
| 082 | 0 | |a 302.35 | |
| 245 | 1 | 4 | |a The theory and philosophy of organizations : |b critical issues and new perspectives / |c edited by: John Hassard, Denis Pym |
| 260 | |a London : |b Routledge, |c 1990 | ||
| 300 | |a x, 274 p. | ||
| 490 | 1 | |a Social analysis | |
| 504 | |a Include bibliography and index | ||
| 650 | 0 | 0 | |a Organization. |
| 650 | 0 | 0 | |a Organization |x Research. |
| 700 | 1 | |a Hassard, John, |d 1953- |4 edt | |
| 700 | 1 | |a Pym, Denis. |4 edt | |
| 830 | 0 | |a Social analysis | |
| 852 | |a INST |b CHIOS |e 19980512 |h 302.35 THE |p 005200016544 |q 005200016544 |t BK |y 0 | ||
| 901 | |a BIBL-1998-2 | ||
| 909 | |a Χ |b 055127 | ||
| 922 | |a 2ΕΛΗ |b 199803 |c ΤΔΕ |d ΠΑΠΑΣΩΤΗΡΙΟΥ | ||